000
00288nam a2200133Ia 4500
100
_a
Pandya & Shah
942
_c
BK
654
_a
Machine Design
245
_a
Elements of Machine Design
260
_b
Charotar book stall
_a
Anand
082
_a
621.8
300
_a
716
546
_a
ENGLISH
999
_c
29867
_d
29867